Utopías del renacimiento

Saved in:
Bibliografiske detaljer
Main Authors: Moro, Tomás More, Thomas (autor), Campanella, Tomaso (Author), Bacon, Francis (Author)
Format: Bog
Sprog:spansk
Udgivet: Ciudad de México Fondo de Cultura Económica 1941
Serier:Colección Popular, 121
Fag:
Tags: Tilføj Tag
Ingen Tags, Vær først til at tagge denne postø!

MARC

LEADER 00000nam a2200000 a 4500
001 UCZ2473
003 CL-VaPUC
008 951005e19410000MX |||||||||||||||||spa|d
082 0 4 |a 321.07  |b MOR  |2 21 
100 |a Moro, Tomás   |e autor  |q More, Thomas  |9 868789 
700 0 |a Campanella, Tomaso  |e author  |9 346225 
700 0 |a Bacon, Francis  |e author  |9 334502 
245 1 0 |a Utopías del renacimiento 
246 1 0 |a Utopía 
246 1 3 |a La ciudad del sol 
246 1 0 |a Nueva Atlantida 
300 |a 273 p 
942 |c BK 
945 |d 19951005 00:00:00  |a rbrito 
260 |a Ciudad de México  |b Fondo de Cultura Económica  |c 1941 
650 0 |a Utopía  |9 267298 
650 0 |a Doctrinas políticas  |9 255835 
650 0 |a Política  |9 255312 
650 0 |a Ideologías  |9 255200 
650 7 |a TEORIA  |2 CL-VaPUC  |9 346226 
583 |a last modification  |c 19951005 00:00:00  |k Rodrigo Vera 
490 0 |a Colección Popular, 121 
999 |c 239065  |d 239063 
952 |0 0  |1 0  |4 0  |6 321_070000000000000_MOR_1941  |7 0  |8 A  |9 249855  |a BIBART  |b BIBART  |d 2019-11-18  |i 351871K  |o 321.07 MOR 1941  |p 351871K  |r 2025-03-13  |w 2019-11-18  |y BK  |k ART 
952 |0 0  |1 0  |4 0  |6 321_070000000000000_MOR_1941  |7 0  |8 A  |9 249856  |a BIBART  |b BIBART  |d 2019-11-18  |i 3518728  |o 321.07 MOR 1941  |p 3518728  |r 2019-11-18  |w 2019-11-18  |y BK  |k ART 
952 |0 0  |1 0  |4 0  |6 321_070000000000000_MOR_1941  |7 0  |8 DER_TF  |9 249857  |a BIBDER  |b BIBDER  |d 2019-11-18  |i 2514389  |o 321.07 MOR 1941  |p 2514389  |r 2023-01-25  |w 2019-11-18  |x Ubicación 4to Piso  |y BK  |z Estos recursos deben solicitarse con anticipación  |k DER 
952 |0 0  |1 0  |4 0  |6 321_070000000000000_MOR_1941  |7 0  |8 A  |9 249858  |a BIBHIS  |b BIBHIS  |d 2019-11-18  |i 3256359  |o 321.07 MOR 1941  |p 3256359  |r 2025-01-20  |w 2019-11-18  |y BK  |k HIS 
952 |0 0  |1 0  |4 0  |6 321_070000000000000_MOR_1941  |7 0  |8 A  |9 249859  |a BIBHIS  |b BIBHIS  |d 2019-11-18  |i 1349228  |o 321.07 MOR 1941  |p 1349228  |r 2025-01-20  |w 2019-11-18  |y BK  |k HIS 
952 |0 0  |1 0  |4 0  |6 321_070000000000000_MOR_1941  |7 0  |8 A  |9 249860  |a BIBEDU  |b BIBEDU  |d 2019-11-18  |i 3931374  |l 7  |o 321.07 MOR 1941  |p 3931374  |r 2022-05-18  |s 2022-05-18  |w 2019-11-18  |y BK  |k LIT 
952 |0 0  |1 0  |4 0  |6 321_070000000000000_MOR_1941  |7 0  |8 A  |9 249861  |a BIBEDU  |b BIBEDU  |d 2019-11-18  |i 4740475  |l 1  |o 321.07 MOR 1941  |p 4740475  |r 2023-09-04  |s 2023-08-28  |w 2019-11-18  |y BK  |k FIL